| 000 | 00572nam a2200229Ia 4500 | ||
|---|---|---|---|
| 003 | OSt | ||
| 005 | 20220928135342.0 | ||
| 006 | a|||||r|||| 00| 0 | ||
| 007 | ta | ||
| 008 | 220927b |||||||| |||| 00| 0 eng d | ||
| 024 | _a1422 | ||
| 037 | _cTextual | ||
| 040 |
_aSDCL _cSDCL _beng |
||
| 041 |
_2eng _aeng |
||
| 082 | _aX:328, N7 | ||
| 100 |
_aLambing Preggy _9489965 |
||
| 245 | 0 | _aEnterpreneurship | |
| 260 | _c1997 | ||
| 700 |
_a Kuehl Charles _9489966 |
||
| 942 |
_hX:328, N7 _cTEXL _2CC |
||
| 999 |
_c805272 _d805272 |
||